<?xml version="1.0" encoding="UTF-8"?>
<record
    xmlns:xsi="http://www.w3.org/2001/XMLSchema-instance"
    xsi:schemaLocation="http://www.loc.gov/MARC21/slim http://www.loc.gov/standards/marcxml/schema/MARC21slim.xsd"
    xmlns="http://www.loc.gov/MARC21/slim">

  <leader>00667nam a2200181Ia 4500</leader>
  <controlfield tag="003">OSt</controlfield>
  <controlfield tag="005">20260508154039.0</controlfield>
  <controlfield tag="008">210210b1909   xxu||||| |||| 00| 0 eng d</controlfield>
  <datafield tag="040" ind1=" " ind2=" ">
    <subfield code="c">AL</subfield>
  </datafield>
  <datafield tag="082" ind1=" " ind2=" ">
    <subfield code="a">305.56K ARAK</subfield>
  </datafield>
  <datafield tag="100" ind1=" " ind2=" ">
    <subfield code="a">ARAVINDA MALAGATTI mattu ODEYARA D HEGGADE</subfield>
    <subfield code="9">128742</subfield>
    <subfield code="d">&#xC85;&#xCB0;&#xCB5;&#xCBF;&#xC82;&#xCA6; &#xCAE;&#xCBE;&#xCB2;&#xC97;&#xCA4;&#xCCD;&#xCA4;&#xCBF; &#xCAE;&#xCA4;&#xCCD;&#xCA4;&#xCC1; &#xC92;&#xCA1;&#xCC6;&#xCAF;&#xCB0; &#xCA1;&#xCBF;. &#xCB9;&#xCC6;&#xC97;&#xCCD;&#xC97;&#xCA1;&#xCC6; </subfield>
  </datafield>
  <datafield tag="245" ind1=" " ind2=" ">
    <subfield code="a">Koraga jananga: vishleshanathmaka adhyaya </subfield>
    <subfield code="b">&#xC95;&#xCCA;&#xCB0;&#xC97; &#xC9C;&#xCA8;&#xCBE;&#xC82;&#xC97; :&#xCB5;&#xCBF;&#xCB6;&#xCCD;&#xCB2;&#xCC7;&#xCB7;&#xCA3;&#xCBE;&#xCA4;&#xCCD;&#xCAE;&#xC95; &#xC85;&#xCA7;&#xCCD;&#xCAF;&#xCBE;&#xCAF;</subfield>
  </datafield>
  <datafield tag="260" ind1=" " ind2=" ">
    <subfield code="b">Not Mentioned</subfield>
    <subfield code="c">1909</subfield>
  </datafield>
  <datafield tag="300" ind1=" " ind2=" ">
    <subfield code="a">78</subfield>
  </datafield>
  <datafield tag="690" ind1=" " ind2=" ">
    <subfield code="a">Social Structure</subfield>
    <subfield code="9">128743</subfield>
  </datafield>
  <datafield tag="906" ind1=" " ind2=" ">
    <subfield code="a">046567</subfield>
  </datafield>
  <datafield tag="942" ind1=" " ind2=" ">
    <subfield code="2">ddc</subfield>
    <subfield code="c">BK</subfield>
  </datafield>
  <datafield tag="999" ind1=" " ind2=" ">
    <subfield code="c">96061</subfield>
    <subfield code="d">96061</subfield>
  </datafield>
  <datafield tag="952" ind1=" " ind2=" ">
    <subfield code="0">0</subfield>
    <subfield code="1">0</subfield>
    <subfield code="2">ddc</subfield>
    <subfield code="4">0</subfield>
    <subfield code="7">0</subfield>
    <subfield code="8">SOC</subfield>
    <subfield code="a">AL</subfield>
    <subfield code="b">AL</subfield>
    <subfield code="d">2021-02-17</subfield>
    <subfield code="g">10.00</subfield>
    <subfield code="l">0</subfield>
    <subfield code="o">305.56K ARAK</subfield>
    <subfield code="p">046567</subfield>
    <subfield code="r">2021-02-17 00:00:00</subfield>
    <subfield code="w">2021-02-17</subfield>
    <subfield code="y">BK</subfield>
  </datafield>
</record>
